=LDR 00000nam 2200000 4500 =001 INLIS000000000002164 =005 20130612090525 =008 ***********************************Ind** =035 ##$$0010-061300000002164 =041 ##$$a Ind =082 ##$$a 722.4 =090 ##$$a 722.4, Bud a =100 ##$$a Budiharjo, Eko =245 ##$$a Archotectural conservation in Bali, Eko Budihardjo =260 ##$$a 1986 $b Yogyakarta =300 ##$$a 113 hlm, ilus. 21 cm =650 ##$$a Arsitektur Bali =850 ##$$a NBPNMAT